Statistics for Države Indije

Click here to take the quiz!

General Stats

  • This quiz has been taken 9 times
  • The average score is 1 of 36

Answers on the Map

Answers color-coded by a green-red scale on the quiz's map according to % correct below.
 

Answer Stats

State% Correct
Delhi
50%
Punjab
33%
Radžastan
17%
Tamil Nadu
17%
Zapadni Bengal
17%
Andaman i
Nicobar Islands
0%
Andhra Pradesh
0%
Arunachal Pradesh
0%
Assam
0%
Bihar
0%
Chandigarh
0%
Chhattisgarh
0%
Dadra i Nagar Haveli
i Daman i Diu
0%
Goa
0%
Gudžerat
0%
Haryana
0%
Himachal Pradesh
0%
Jammu i Kašmir
0%
Jharkhand
0%
Karnataka
0%
Kerala
0%
Ladakh
0%
Lakadivi
0%
Madhya Pradesh
0%
Maharashtra
0%
Manipur
0%
Meghalaya
0%
Mizoram
0%
Nagaland
0%
Orissa
0%
Puducherry
0%
Sikkim
0%
Telangana
0%
Tripura
0%
Uttaranchal
0%
Uttar Pradesh
0%

Score Distribution

Percentile by Number Answered

Percent of People with Each Score

Your Score History

You have not taken this quiz